| 000 | 00686nam a22001937a 4500 | ||
|---|---|---|---|
| 003 | BD-DhJNU | ||
| 005 | 20250119035446.0 | ||
| 008 | 250119b |||||||| |||| 00| 0 eng d | ||
| 020 | _a9789843487513 | ||
| 040 |
_aBD-DhJNU _bENG _cBD-DhJNU _dBD-DhJNU |
||
| 082 |
_223 _a347.7326 |
||
| 100 | _aHalim, Md. Abdul | ||
| 245 |
_aConstitution, constitutional law and politics : Bangladesh perspective : _ba comparative study of problems of constitutionalism in Bangladesh / _cMd. Abdul Halim |
||
| 260 |
_aDhaka : _bBeacon Publications, _c2023. |
||
| 300 |
_a575 p. : _c20 cm. |
||
| 504 | _aincludes bibliographical reference | ||
| 650 | _aConstitutional law Bangladesh | ||
| 942 |
_2ddc _cBK _n0 |
||
| 999 |
_c1101 _d1101 |
||